A guide-book to the Prado Museum : including a commentary and general historical information /

Bibliographic Details
Main Author: Pantorba, Bernardino de, 1896-
Format: Book
Language:English
Published: Madrid : Compania Bibliografica Espanola, [1956]
Edition:[4th ed.].
Subjects:

MARC

Tag First Indicator Second Indicator Subfields
LEADER 00000cam a2200000 i 4500
001 in00000569621
005 20151014064757.0
008 780628s1956 sp a 00110 eng d
035 |a (OCoLC)04014994 
035 |9 ACN6485AM 
040 |a BMC  |c BMC  |d TXA  |d UtOrBLW 
041 1 |a eng  |h spa 
049 |a TXAM  |c [A08241314] 
090 |a N3450  |b .L613 1956 
100 1 |a Pantorba, Bernardino de,  |d 1896- 
245 1 2 |a A guide-book to the Prado Museum :  |b including a commentary and general historical information /  |c Bernardino de Pantorba ; translated into English by Cedric Salter. 
250 |a [4th ed.]. 
264 1 |a Madrid :  |b Compania Bibliografica Espanola,  |c [1956] 
264 4 |c ©1956 
300 |a 156 pages :  |b illustrations ;  |c 20 cm. 
336 |a text  |b txt  |2 rdacontent 
337 |a unmediated  |b n  |2 rdamedia 
338 |a volume  |b nc  |2 rdacarrier 
500 |a Translation of: Guia del Museo del Prado. 
500 |a Includes index. 
610 2 0 |a Museo del Prado. 
999 |a MARS 
999 f f |s f7c0cc17-8562-37f8-ab52-290ac11d4ac2  |i eddf5ce1-412b-32a2-bc21-dff2202a4c6b  |t 0 
952 f f |p ric  |a Texas A&M University  |b Rellis Campus  |c Joint Library Facility  |d Remote Storage  |t 0  |e N3450 .L613 1956  |h Library of Congress classification  |i unmediated -- volume  |m A14808241314 
998 f f |a N3450 .L613 1956  |t 0  |l Remote Storage